| 000 | 00396nam a22001697a 4500 | ||
|---|---|---|---|
| 003 | CEME | ||
| 005 | 20210628203801.0 | ||
| 008 | 210316b xxu||||| |||| 00| 0 eng d | ||
| 020 | _a0-19-577585-6 | ||
| 040 | _c. | ||
| 082 | _a510 MAT'Y | ||
| 100 |
_aYee, Lee Peng _967292 |
||
| 245 | _aMathematics 4 | ||
| 260 |
_aLONDON _bOXFORD UNIVERSITY PRESS _c1995 |
||
| 300 | _a359P | ||
| 942 |
_cBK _2ddc |
||
| 999 |
_c575107 _d575107 |
||